Statistiken für Jedes deutsche Bundesland nach Umriss

Klicken Sie hier um das Quiz zu spielen!

Allgemein

  • Dieses Quiz wurde 11.982 mal gespielt
  • Das Durchschnittsergebnis liegt bei 10 aus 16

Antwortstatistiken

Antwort% Korrekt
Brandenburg
90%
Bayern
88%
Bremen
83%
Baden-Württemberg
81%
Berlin
75%
Mecklenburg-Vorpommern
75%
Schleswig-Holstein
73%
Niedersachsen
72%
Nordrhein-Westfalen
63%
Hessen
60%
Sachsen
57%
Sachsen-Anhalt
54%
Thüringen
45%
Hamburg
44%
Saarland
42%
Rheinland-Pfalz
40%

Verteilung der Resultate

Perzentil nach korrekt beantworteten Fragen

Anzahl Personen mit jedem Resultat

Ihre Resultats-Entwicklung

Sie haben dieses Quiz noch nicht gespielt